[Event "New York 1000 GM Spring GM-B"]
[Site "New York"]
[Date "2024.03.29"]
[Round "4"]
[White "Nagy, Gabor"]
[Black "Girish, A Koushnik"]
[Result "1/2-1/2"]
[WhiteElo "2436"]
[BlackElo "2499"]
[PlyCount "47"]
[EventDate "2024.03.27"]
[EventType "tourn"]
[EventRounds "9"]
[EventCountry "USA"]
[EventCategory "6"]
[SourceTitle "CBM 219 Extra"]
[Source "ChessBase"]
[SourceDate "2024.05.31"]
[SourceVersion "1"]
[SourceVersionDate "2024.05.31"]
[SourceQuality "1"]

1. d4 d5 2. c4 c6 3. cxd5 cxd5 4. Nf3 Nc6 5. Nc3 Nf6 6. Bf4 a6 7. e3 Bf5 8. Bd3 Bxd3 9. Qxd3 e6 10. 0-0 Bd6 11. Bxd6 Qxd6 12. Rfc1 0-0 13. h3 Rac8 14. a3 h6 15. Rc2 Rc7 16. Rac1 Rfc8 17. Ne2 Ne7 18. Rxc7 Rxc7 19. Rxc7 Qxc7 20. Qc3 Nc6 21. Qd3 Ne7 22. Qc3 Nc6 23. Qd3 Ne7 24. Qc3 1/2-1/2

[Event "Titled Tuesday intern op 02nd May Early"]
[Site "Chess.com INT"]
[Date "2023.05.02"]
[Round "4"]
[White "Dinu, Dumitru Daniel"]
[Black "Girish, A Koushnik"]
[Result "0-1"]
[WhiteElo "2203"]
[BlackElo "2498"]
[PlyCount "72"]
[EventDate "2023.05.02"]
[EventType "swiss (blitz)"]
[EventRounds "11"]
[EventCountry "USA"]
[SourceTitle "EXT 2024"]
[Source "ChessBase"]
[SourceDate "2023.10.10"]
[SourceVersion "1"]
[SourceVersionDate "2023.10.10"]
[SourceQuality "1"]

1. e4 e5 2. Nf3 Nc6 3. Bb5 a6 4. Ba4 d6 5. c3 Bd7 6. 0-0 g6 7. d4 Bg7 8. Re1 b5 9. Bc2 Nf6 10. Bg5 h6 11. Bh4 0-0 12. dxe5 dxe5 13. Bxf6 Bxf6 14. Nbd2 Be6 15. Bb3 Qe7 16. Bxe6 Qxe6 17. Qb3 Qe7 18. Nf1 Na5 19. Qc2 Rfd8 20. Ne3 c6 21. b4 Nb7 22. Rad1 Nd6 23. c4 Qe6 24. cxb5 Nxb5 25. Rc1 Nd4 26. Nxd4 exd4 27. Nf1 d3 28. Qd2 Rd4 29. Rc3 Rad8 30. Rec1 Qxe4 31. Rxc6 Bg5 32. Ne3 Rxb4 33. Rxa6 Bxe3 34. fxe3 Rc4 35. Rf1 Rc2 36. Qa5 Qxg2# 0-1

[Event "Titled Tuesday intern op 02nd May Early"]
[Site "Chess.com INT"]
[Date "2023.05.02"]
[Round "5"]
[White "Girish, A Koushnik"]
[Black "Kuzubov, Yuriy"]
[Result "0-1"]
[WhiteElo "2498"]
[BlackElo "2624"]
[PlyCount "140"]
[EventDate "2023.05.02"]
[EventType "swiss (blitz)"]
[EventRounds "11"]
[EventCountry "USA"]
[SourceTitle "EXT 2024"]
[Source "ChessBase"]
[SourceDate "2023.10.10"]
[SourceVersion "1"]
[SourceVersionDate "2023.10.10"]
[SourceQuality "1"]

1. d4 Nf6 2. c4 e6 3. Nf3 d5 4. Nc3 Nbd7 5. Bg5 h6 6. Bh4 Be7 7. e3 c5 8. cxd5 Nxd5 9. Bxe7 Nxe7 10. dxc5 Qa5 11. a3 Qxc5 12. Rc1 0-0 13. Be2 Qb6 14. Na4 Qd8 15. 0-0 Nd5 16. Qb3 N7f6 17. Rfd1 Qe7 18. Qc4 b6 19. Nc3 Bb7 20. Nxd5 Nxd5 21. Qh4 Qxh4 22. Nxh4 Rfc8 23. g3 Kf8 24. e4 Ne7 25. f3 Rxc1 26. Rxc1 Rc8 27. Rxc8+ Bxc8 28. Kf2 Nc6 29. Ke3 e5 30. f4 Ke7 31. Nf3 Bg4 32. Bb5 exf4+ 33. gxf4 Bxf3 34. Bxc6 Bg4 35. Bd5 f6 36. Kd4 g5 37. Ke3 Bd7 38. b4 Kd6 39. Bc4 Ke7 40. Bd5 Bb5 41. Bb3 Kd6 42. Bd5 Bd7 43. Bc4 Bc6 44. Bb3 a5 45. Bc4 axb4 46. axb4 Ke7 47. Bb3 h5 48. Bc4 h4 49. Bb3 g4 50. Bd1 f5 51. exf5 g3 52. h3 Kf6 53. Bg4 Bd7 54. Kf3 Bxf5 55. Kg2 Be4+ 56. Kf1 Ke7 57. Ke2 Kd6 58. Ke3 Bc6 59. Ke2 Bd7 60. Ke3 Be6 61. Kf3 Bf7 62. Ke3 Kd5 63. Be2 Bg6 64. Bf1 Bf5 65. Bg2+ Kc4 66. Bf1+ Kc3 67. b5 Be6 68. Bg2 Bf5 69. Bf1 Bd7 70. Ke4 Bxb5 0-1

[Event "Titled Tuesday intern op 02nd Nov"]
[Site "Chess.com INT"]
[Date "2021.11.02"]
[Round "3"]
[White "Girish, A Koushnik"]
[Black "Meduri, Aakaash"]
[Result "0-1"]
[WhiteElo "2498"]
[BlackElo "1964"]
[PlyCount "102"]
[EventDate "2021.11.02"]
[EventType "swiss (blitz)"]
[EventRounds "11"]
[EventCountry "USA"]
[SourceTitle "CBM 205 Extra"]
[Source "ChessBase"]
[SourceDate "2022.01.31"]
[SourceVersion "1"]
[SourceVersionDate "2022.01.31"]
[SourceQuality "1"]

1. d4 f5 2. Nc3 Nf6 3. Bg5 d5 4. e3 e6 5. g4 c6 6. gxf5 exf5 7. Bd3 Bd6 8. Nge2 0-0 9. h4 Qe8 10. Bf4 Bb4 11. a3 Be7 12. f3 Nh5 13. Qd2 Nd7 14. 0-0-0 b5 15. Rdg1 Nb6 16. Be5 Nc4 17. Bxc4 bxc4 18. Nf4 Bf6 19. Nxh5 Qxh5 20. Qg2 Bxe5 21. dxe5 Qh6 22. f4 Be6 23. Ne2 c5 24. h5 Rf7 25. Qf3 Rb8 26. Rg5 Rfb7 27. Rhg1 Rxb2 28. Rxg7+ Kh8 29. Rxa7 Rb1+ 30. Kd2 c3+ 31. Kxc3 d4+ 32. exd4 cxd4+ 33. Kd2 Rxg1 34. Nxg1 d3 35. cxd3 Qf8 36. Qg3 Rb2+ 37. Kc1 Rb3 38. Kd2 Rb2+ 39. Ke1 Rb1+ 40. Ke2 Rb2+ 41. Kf1 Bd5 42. Ne2 Rb1+ 43. Kf2 Qc5+ 44. Qe3 Rf1+ 45. Kxf1 Qxe3 46. Rd7 Bf3 47. Ng3 Qxf4 48. h6 Bc6+ 49. Ke2 Bxd7 50. d4 Qxd4 51. Nh5 Qxe5+ 0-1

[Event "Titled Tuesday intern op 04th May"]
[Site "Chess.com INT"]
[Date "2021.05.04"]
[Round "9"]
[White "Girish, A Koushnik"]
[Black "Rytenko, Vsevolod"]
[Result "1-0"]
[WhiteElo "2498"]
[BlackElo "2383"]
[PlyCount "51"]
[EventDate "2021.05.04"]
[EventType "swiss (blitz)"]
[EventRounds "11"]
[EventCountry "USA"]
[SourceTitle "CBM 202 Extra"]
[Source "ChessBase"]
[SourceDate "2021.07.31"]
[SourceVersion "1"]
[SourceVersionDate "2021.07.31"]
[SourceQuality "1"]

1. d4 d5 2. c4 c6 3. Nf3 Nf6 4. e3 Bg4 5. Nc3 e6 6. h3 Bh5 7. g4 Bg6 8. Qb3 Qb6 9. Ne5 Nbd7 10. Nxg6 hxg6 11. Bg2 Bd6 12. c5 Qxb3 13. axb3 Bc7 14. b4 0-0 15. b5 e5 16. 0-0 exd4 17. exd4 a6 18. b6 Bd8 19. b4 Rc8 20. Bf4 Nh7 21. Nxd5 cxd5 22. Bxd5 Bf6 23. Bxb7 Bxd4 24. Rad1 Nxc5 25. bxc5 Rxc5 26. Rxd4 1-0

[Event "Titled Tuesday intern op 10th Nov"]
[Site "Chess.com INT"]
[Date "2020.11.10"]
[Round "1"]
[White "Girish, A Koushnik"]
[Black "Orantes Taboada, Francisco"]
[Result "1-0"]
[WhiteElo "2498"]
[BlackElo "2244"]
[PlyCount "117"]
[EventDate "2020.11.10"]
[EventType "swiss (blitz)"]
[EventRounds "11"]
[EventCountry "USA"]
[SourceTitle "CBM 199 Extra"]
[Source "ChessBase"]
[SourceDate "2021.01.31"]
[SourceVersion "1"]
[SourceVersionDate "2021.01.31"]
[SourceQuality "1"]

1. c4 Nf6 2. Nc3 e5 3. Nf3 Nc6 4. e3 a5 5. Qc2 Bc5 6. a3 d6 7. b3 0-0 8. Bb2 Ne7 9. Bd3 Ng6 10. h4 Bg4 11. Ng5 h6 12. Nxf7 Rxf7 13. Bxg6 Re7 14. Ne4 Nxe4 15. Qxe4 Be6 16. h5 Rb8 17. Bh7+ Kf8 18. Bf5 Bxf5 19. Qxf5+ Rf7 20. Qg4 Qf6 21. f3 b5 22. Bc3 bxc4 23. bxc4 a4 24. Ke2 Ke7 25. Rhb1 Rff8 26. Bb4 Bxb4 27. axb4 Ra8 28. b5 Rfb8 29. Ra3 c6 30. Rb4 cxb5 31. cxb5 Qg5 32. Raxa4 Qxg4 33. Rxg4 Rxa4 34. Rxa4 Rxb5 35. Ra7+ Kf6 36. Rd7 Rb6 37. g4 Rc6 38. Kd3 Ra6 39. Ke4 Ke6 40. Rxg7 d5+ 41. Kd3 Ra3+ 42. Ke2 e4 43. Rg6+ Kf7 44. Rxh6 exf3+ 45. Kxf3 d4 46. Rd6 dxe3 47. dxe3 Kg7 48. g5 Ra5 49. Kf4 Kh7 50. Rd7+ Kh8 51. h6 Ra8 52. g6 Rf8+ 53. Kg5 Re8 54. e4 Kg8 55. h7+ Kh8 56. Kh6 Rg8 57. g7+ Rxg7 58. Rd8+ Rg8 59. Rxg8# 1-0

[Event "Titled Tuesday intern op 10th Nov"]
[Site "Chess.com INT"]
[Date "2020.11.10"]
[Round "5"]
[White "Miron, Lucian Costin"]
[Black "Girish, A Koushnik"]
[Result "0-1"]
[WhiteElo "2507"]
[BlackElo "2498"]
[PlyCount "116"]
[EventDate "2020.11.10"]
[EventType "swiss (blitz)"]
[EventRounds "11"]
[EventCountry "USA"]
[SourceTitle "CBM 199 Extra"]
[Source "ChessBase"]
[SourceDate "2021.01.31"]
[SourceVersion "1"]
[SourceVersionDate "2021.01.31"]
[SourceQuality "1"]

1. d4 Nf6 2. c4 e6 3. Nc3 Bb4 4. Qc2 d5 5. cxd5 exd5 6. Bg5 0-0 7. e3 c6 8. Bd3 h6 9. Bh4 Re8 10. Nge2 Nbd7 11. 0-0 Bd6 12. Bg3 Nf8 13. Rae1 N8h7 14. Bxd6 Qxd6 15. Ng3 g6 16. f3 h5 17. Qf2 h4 18. Nge2 h3 19. g3 Kg7 20. g4 Ng5 21. Ng3 Re7 22. e4 dxe4 23. Ncxe4 Ngxe4 24. Nxe4 Qf4 25. Ng3 Rxe1 26. Rxe1 Be6 27. b3 Rd8 28. Ne2 Qd2 29. Bc4 Bxc4 30. bxc4 Qxa2 31. Rc1 Re8 32. Kf1 Qd2 33. Re1 Qd3 34. Rc1 Re3 35. Rc3 Qd1+ 36. Qe1 Qxe1+ 37. Kxe1 Rxc3 38. Nxc3 a5 39. Kd2 g5 40. Na4 Nd7 41. Nc3 Kf6 42. Ne4+ Kg6 43. Nd6 b6 44. Kc3 f6 45. Ne4 f5 46. Nf2 fxg4 47. fxg4 Nf6 48. Kd3 a4 49. Kc3 b5 50. cxb5 cxb5 51. Kb4 Nd5+ 52. Ka3 Ne3 53. Nxh3 Nxg4 54. Kb4 Kf5 55. d5 Nf6 56. d6 g4 57. Nf2 Ke6 58. Kxb5 a3 0-1

[Event "Titled Tuesday intern op 10th Nov"]
[Site "Chess.com INT"]
[Date "2020.11.10"]
[Round "9"]
[White "Srihari, LR."]
[Black "Girish, A Koushnik"]
[Result "0-1"]
[WhiteElo "2414"]
[BlackElo "2498"]
[PlyCount "64"]
[EventDate "2020.11.10"]
[EventType "swiss (blitz)"]
[EventRounds "11"]
[EventCountry "USA"]
[SourceTitle "CBM 199 Extra"]
[Source "ChessBase"]
[SourceDate "2021.01.31"]
[SourceVersion "1"]
[SourceVersionDate "2021.01.31"]
[SourceQuality "1"]

1. d4 Nf6 2. Bg5 Ne4 3. Bf4 d5 4. f3 Nf6 5. e4 dxe4 6. Nc3 exf3 7. Nxf3 Bf5 8. Bd3 Bg6 9. Qe2 e6 10. 0-0-0 c6 11. Bxg6 hxg6 12. Ne5 Bb4 13. Ne4 Nxe4 14. Qxe4 Qd5 15. Qd3 Qxa2 16. c3 Be7 17. Rhf1 Nd7 18. Nxg6 fxg6 19. Qxg6+ Kd8 20. Qxg7 Bf6 21. Bg5 Bxg5+ 22. Qxg5+ Kc7 23. Qg3+ Kb6 24. Rf7 Rad8 25. Rdf1 Qd5 26. h4 Rhg8 27. Rg7 e5 28. Qg5 Rxg7 29. Qxd8+ Ka6 30. h5 Rxg2 31. Rd1 Qb3 32. Rd2 Rg1+ 0-1

[Event "Titled Tuesday intern op 03rd Nov"]
[Site "Chess.com INT"]
[Date "2020.11.03"]
[Round "11"]
[White "Girish, A Koushnik"]
[Black "Aliavdin, Nikolai"]
[Result "0-1"]
[WhiteElo "2498"]
[BlackElo "2315"]
[PlyCount "58"]
[EventDate "2020.11.03"]
[EventType "swiss (blitz)"]
[EventRounds "11"]
[EventCountry "USA"]
[SourceTitle "CBM 199 Extra"]
[Source "ChessBase"]
[SourceDate "2021.01.31"]
[SourceVersion "1"]
[SourceVersionDate "2021.01.31"]
[SourceQuality "1"]

1. d4 Nf6 2. c4 c5 3. Nf3 cxd4 4. Nxd4 e5 5. Nb5 d5 6. cxd5 Bc5 7. e3 0-0 8. N5c3 Qe7 9. Be2 e4 10. Nd2 Rd8 11. Qc2 Bf5 12. g4 Nxg4 13. Ndxe4 Bb4 14. Bd3 Rxd5 15. Bd2 Rxd3 16. Qxd3 Bxc3 17. Qxc3 Qxe4 18. f3 Qxf3 19. Rf1 Qd5 20. 0-0-0 Qe4 21. Rxf5 Qxf5 22. e4 Qe6 23. h3 Na6 24. Kb1 Qxe4+ 25. Ka1 Nf6 26. Rg1 Qc6 27. Qg3 g6 28. Qh4 Ne4 29. Be3 Nb4 0-1

[Event "Titled Tuesday intern op 03rd Nov"]
[Site "Chess.com INT"]
[Date "2020.11.03"]
[Round "2"]
[White "Hamley, Ryan"]
[Black "Girish, A Koushnik"]
[Result "0-1"]
[WhiteElo "2089"]
[BlackElo "2498"]
[PlyCount "158"]
[EventDate "2020.11.03"]
[EventType "swiss (blitz)"]
[EventRounds "11"]
[EventCountry "USA"]
[SourceTitle "CBM 199 Extra"]
[Source "ChessBase"]
[SourceDate "2021.01.31"]
[SourceVersion "1"]
[SourceVersionDate "2021.01.31"]
[SourceQuality "1"]

1. d4 Nf6 2. c4 e6 3. Nf3 d5 4. Nc3 Bb4 5. cxd5 exd5 6. Bg5 0-0 7. e3 c6 8. Bd3 Nbd7 9. Qc2 h6 10. Bh4 Re8 11. 0-0 Be7 12. a3 Ne4 13. Bxe7 Qxe7 14. b4 Ndf6 15. Rac1 a6 16. Nd2 Nd6 17. Na4 g6 18. Nc5 Bf5 19. a4 Bxd3 20. Qxd3 h5 21. h3 h4 22. Nf3 Nfe4 23. Ne5 Kg7 24. Rc2 Qg5 25. Nf3 Qh5 26. Qd1 Re7 27. Nd3 g5 28. Nfe5 Qxd1 29. Rxd1 f6 30. Nf3 Nc4 31. Nb2 b5 32. a5 Kg6 33. Nd3 Kh5 34. Nh2 Rg8 35. Nc5 Nxc5 36. dxc5 f5 37. Rd4 Re4 38. Nf3 g4 39. hxg4+ Rexg4 40. Rxg4 fxg4 41. Nd4 Rg6 42. Kh2 g3+ 43. fxg3 hxg3+ 44. Kh3 Nxe3 45. Rc3 Rg4 46. Rxe3 Rxd4 47. Re5+ Kg6 48. Re6+ Kf5 49. Rxc6 Rxb4 50. Rxa6 d4 51. Rd6 Ke5 52. Rd8 Rc4 53. a6 Ra4 54. Rd6 d3 55. Rxd3 Rxa6 56. Kxg3 Rc6 57. Kf3 Rxc5 58. g4 b4 59. Ke3 Rb5 60. Rb3 Kd5 61. Kd3 Kc5 62. g5 Rb6 63. g6 Rxg6 64. Rb1 Rg3+ 65. Kd2 Kc4 66. Rc1+ Kb3 67. Rc7 Kb2 68. Rb7 b3 69. Rb8 Rg7 70. Rb5 Rd7+ 71. Ke1 Kc2 72. Ke2 b2 73. Rc5+ Kb1 74. Rb5 Ka2 75. Ra5+ Kb3 76. Rb5+ Kc3 77. Rc5+ Kb4 78. Rc8 Rd5 79. Rb8+ Rb5 0-1

[Event "Titled Tuesday intern op 29th Sept"]
[Site "Chess.com INT"]
[Date "2020.09.29"]
[Round "7"]
[White "Avramidou, Anastasia"]
[Black "Girish, A Koushnik"]
[Result "0-1"]
[WhiteElo "2238"]
[BlackElo "2498"]
[PlyCount "106"]
[EventDate "2020.09.29"]
[EventType "swiss (blitz)"]
[EventRounds "10"]
[EventCountry "USA"]
[SourceTitle "CBM 198 Extra"]
[Source "ChessBase"]
[SourceDate "2020.11.30"]
[SourceVersion "1"]
[SourceVersionDate "2020.11.30"]
[SourceQuality "1"]

1. d4 Nf6 2. c4 e6 3. Nc3 Bb4 4. Bd2 d5 5. Nf3 0-0 6. e3 b6 7. cxd5 exd5 8. Bd3 Bb7 9. 0-0 Bd6 10. Ne5 c5 11. f4 Nc6 12. Qa4 cxd4 13. Nxc6 Bxc6 14. Qxc6 dxc3 15. Bxc3 Rc8 16. Qa4 Bc5 17. Rae1 Ng4 18. Bd4 Qe8 19. Qxe8 Rfxe8 20. Bxc5 Rxc5 21. e4 dxe4 22. Bxe4 g6 23. Bf3 Nf6 24. Rxe8+ Nxe8 25. Re1 Kf8 26. Kf2 Nd6 27. Re2 h5 28. g3 Nf5 29. Rd2 Ke7 30. h3 h4 31. g4 Nd6 32. Ke3 f6 33. Re2 g5 34. Kd4+ Kd7 35. fxg5 fxg5 36. Re5 Nb5+ 37. Ke4 Nd6+ 38. Kd4 Rc4+ 39. Kd3 Rf4 40. Be2 Nf7 41. Re4 Rf2 42. Ke3 Rh2 43. Bf3 Rxh3 44. Kf2 Rh2+ 45. Kg1 Rxb2 46. a4 Kd6 47. Rd4+ Ke7 48. Rd5 Ke6 49. Rd4 Ne5 50. Bd5+ Ke7 51. Bg2 a5 52. Bd5 Rb4 53. Rd2 Rxg4+ 0-1

[Event "Titled Tuesday intern op 29th Sept"]
[Site "Chess.com INT"]
[Date "2020.09.29"]
[Round "9"]
[White "Girish, A Koushnik"]
[Black "Martinez Reyes, Pedro Ramon"]
[Result "0-1"]
[WhiteElo "2498"]
[BlackElo "2422"]
[PlyCount "92"]
[EventDate "2020.09.29"]
[EventType "swiss (blitz)"]
[EventRounds "10"]
[EventCountry "USA"]
[SourceTitle "CBM 198 Extra"]
[Source "ChessBase"]
[SourceDate "2020.11.30"]
[SourceVersion "1"]
[SourceVersionDate "2020.11.30"]
[SourceQuality "1"]

1. c4 Nf6 2. Nc3 g6 3. d4 Bg7 4. g3 0-0 5. Bg2 c5 6. d5 d6 7. Nf3 e6 8. 0-0 exd5 9. cxd5 Na6 10. Nd2 Nc7 11. a4 a6 12. a5 Bd7 13. Nc4 Bb5 14. Nb6 Rb8 15. Re1 Nd7 16. Qb3 Re8 17. Bf4 Ne5 18. Rad1 h5 19. Qc2 Na8 20. Nxb5 axb5 21. Bxe5 Bxe5 22. e3 Nxb6 23. axb6 Qxb6 24. f4 Bf6 25. e4 c4+ 26. Kh1 Qc5 27. e5 dxe5 28. f5 g5 29. Be4 Red8 30. Qe2 Kg7 31. Qxh5 b4 32. Re2 c3 33. b3 Ra8 34. Qg4 Kf8 35. Kg2 Ra3 36. Qh5 Rxb3 37. Qh6+ Ke7 38. Ra1 Qc4 39. Kf2 Rb2 40. Rxb2 cxb2 41. Ra7 Qd4+ 42. Kf3 Qxa7 43. d6+ Rxd6 44. h4 gxh4 45. g4 Qg1 46. g5 Qxg5 0-1

[Event "Titled Tuesday intern op 15th Sept"]
[Site "Chess.com INT"]
[Date "2020.09.15"]
[Round "7"]
[White "Girish, A Koushnik"]
[Black "Benitez Lozano, Javier"]
[Result "0-1"]
[WhiteElo "2498"]
[BlackElo "2350"]
[PlyCount "108"]
[EventDate "2020.09.15"]
[EventType "swiss (blitz)"]
[EventRounds "10"]
[EventCountry "USA"]
[SourceTitle "CBM 198 Extra"]
[Source "ChessBase"]
[SourceDate "2020.11.30"]
[SourceVersion "1"]
[SourceVersionDate "2020.11.30"]
[SourceQuality "1"]

1. c4 c5 2. Nc3 Nc6 3. Nf3 g6 4. e3 Bg7 5. d4 cxd4 6. exd4 d6 7. h3 Nf6 8. d5 Nb8 9. Bd3 Nbd7 10. 0-0 0-0 11. Re1 a6 12. Bg5 Rb8 13. a4 Nc5 14. Bc2 a5 15. Qd2 Bd7 16. b3 Re8 17. Bh6 Qc8 18. Bxg7 Kxg7 19. Qd4 Kg8 20. Re3 Bf5 21. Bd1 Qd8 22. Qh4 e5 23. dxe6 Rxe6 24. Rxe6 Nxe6 25. Ra2 Ne4 26. Nxe4 Qxh4 27. Nxh4 Bxe4 28. Rd2 Rd8 29. Bf3 Bxf3 30. Nxf3 Nc5 31. Nd4 Kf8 32. Kf1 Ke7 33. Ke2 d5 34. cxd5 Rxd5 35. Ke3 f5 36. g4 fxg4 37. hxg4 Kf6 38. f4 h5 39. g5+ Kf7 40. Rf2 Ne6 41. Nf3 Rc5 42. Ne5+ Kg7 43. Rd2 Rc3+ 44. Ke4 Rxb3 45. Rd7+ Kg8 46. Re7 Rb4+ 47. Ke3 Nxf4 48. Nd7 Nd5+ 49. Kd3 Nxe7 50. Nf6+ Kf7 51. Kc3 Rxa4 52. Nd7 Ra3+ 53. Kb2 Rg3 54. Ne5+ Ke6 0-1

[Event "Titled Tuesday intern op 15th Sept"]
[Site "Chess.com INT"]
[Date "2020.09.15"]
[Round "10"]
[White "Loy, Konstantin"]
[Black "Girish, A Koushnik"]
[Result "0-1"]
[WhiteElo "2268"]
[BlackElo "2498"]
[PlyCount "118"]
[EventDate "2020.09.15"]
[EventType "swiss (blitz)"]
[EventRounds "10"]
[EventCountry "USA"]
[SourceTitle "CBM 198 Extra"]
[Source "ChessBase"]
[SourceDate "2020.11.30"]
[SourceVersion "1"]
[SourceVersionDate "2020.11.30"]
[SourceQuality "1"]

1. e4 c6 2. d4 d5 3. exd5 cxd5 4. c4 Nf6 5. Nc3 g6 6. cxd5 Bg7 7. Bc4 0-0 8. Nge2 b6 9. Nf4 Ba6 10. Bxa6 Nxa6 11. 0-0 Nc7 12. Qf3 Qd7 13. Re1 Rad8 14. Bd2 Rfe8 15. Re5 Ng4 16. Re4 Nf6 17. Re5 Ng4 18. Re4 f5 19. Re2 Bxd4 20. Rd1 e5 21. dxe6 Nxe6 22. Nxe6 Rxe6 23. Be1 Rde8 24. Rxe6 Qxe6 25. Qd5 Qxd5 26. Nxd5 Rxe1+ 27. Rxe1 Bxf2+ 28. Kf1 Bxe1 29. Kxe1 Nxh2 30. Ne7+ Kf7 31. Nc8 Ke6 32. Nxa7 Kd7 33. Nb5 Ng4 34. Ke2 Kc6 35. Nd4+ Kc5 36. Ne6+ Kd6 37. Nf8 Nf6 38. Kd3 Ke7 39. Nxh7 Nxh7 40. a4 Kd6 41. b4 Nf6 42. Kd4 Nd5 43. a5 Nxb4 44. axb6 Nc6+ 45. Kc4 g5 46. b7 f4 47. Kd3 Kd5 48. Ke2 Ke4 49. Kf2 g4 50. Ke2 Kd4 51. Kf2 Kd3 52. Kf1 Ke3 53. Ke1 f3 54. gxf3 Kxf3 55. Kf1 Kg3 56. Kg1 Nb8 57. Kh1 Kf2 58. Kh2 g3+ 59. Kh3 g2 0-1

[Event "Titled Tuesday intern op 08th Sept"]
[Site "Chess.com INT"]
[Date "2020.09.08"]
[Round "10"]
[White "Girish, A Koushnik"]
[Black "Morefield, Jason P"]
[Result "1-0"]
[WhiteElo "2498"]
[BlackElo "2227"]
[PlyCount "59"]
[EventDate "2020.09.08"]
[EventType "swiss (blitz)"]
[EventRounds "10"]
[EventCountry "USA"]
[SourceTitle "CBM 198 Extra"]
[Source "ChessBase"]
[SourceDate "2020.11.30"]
[SourceVersion "1"]
[SourceVersionDate "2020.11.30"]
[SourceQuality "1"]

1. d4 Nf6 2. Bg5 e6 3. Nd2 h6 4. Bh4 d5 5. e3 Be7 6. Bd3 Nbd7 7. Ngf3 c5 8. c3 0-0 9. 0-0 b6 10. a4 Bb7 11. Qb1 a5 12. Bb5 Ne8 13. Bxe7 Qxe7 14. b4 cxb4 15. cxb4 Nd6 16. Bxd7 Qxd7 17. bxa5 bxa5 18. Ne5 Qd8 19. Rc1 Rb8 20. Qd3 Ne4 21. Nxe4 dxe4 22. Qa3 Bd5 23. Rab1 Rxb1 24. Rxb1 Qc7 25. Rc1 Qb7 26. h3 Rb8 27. Qd6 Qb4 28. Qc7 Rb7 29. Qd8+ Kh7 30. Rc8 1-0

[Event "Titled Tuesday intern op 01st Sept"]
[Site "Chess.com INT"]
[Date "2020.09.01"]
[Round "8"]
[White "Herrera Reyes, Jose Antonio"]
[Black "Girish, A Koushnik"]
[Result "0-1"]
[WhiteElo "2304"]
[BlackElo "2498"]
[PlyCount "50"]
[EventDate "2020.09.01"]
[EventType "swiss (blitz)"]
[EventRounds "10"]
[EventCountry "USA"]
[SourceTitle "CBM 198 Extra"]
[Source "ChessBase"]
[SourceDate "2020.11.30"]
[SourceVersion "1"]
[SourceVersionDate "2020.11.30"]
[SourceQuality "1"]

1. Nf3 d5 2. g3 g6 3. Bg2 Bg7 4. d3 e5 5. Nc3 Ne7 6. h4 h6 7. e4 Be6 8. 0-0 Nbc6 9. exd5 Nxd5 10. Re1 0-0 11. Bd2 Qd7 12. Qc1 Kh7 13. Ne4 b6 14. a3 f5 15. Nc3 Rae8 16. h5 g5 17. Ne2 f4 18. b4 g4 19. Nh4 f3 20. Bh1 fxe2 21. Rxe2 Nd4 22. Re4 Nf6 23. Rxe5 Bd5 24. Rxe8 Rxe8 25. Be3 Ne2+ 0-1